|
|
|
|
| LEADER |
02050nam a2200481 4500 |
| 001 |
ocn680624615 |
| 003 |
OCoLC |
| 005 |
20180501121935.0 |
| 006 |
m o d |
| 007 |
cr cn||||||||| |
| 008 |
101013s2010 ne ad ob 001 0 eng d |
| 040 |
|
|
|a E7B
|b eng
|e pn
|c E7B
|d OCLCQ
|d QCL
|d OCLCQ
|d UKMGB
|d OPELS
|d N$T
|d OCLCQ
|d OPELS
|d YDXCP
|d CNSPO
|d UKDOC
|d OCLCQ
|d GrThAP
|
| 016 |
7 |
|
|a 015765599
|2 Uk
|
| 019 |
|
|
|a 664328864
|a 872684503
|
| 020 |
|
|
|a 9780123813312
|q (electronic bk.)
|
| 020 |
|
|
|a 012381331X
|q (electronic bk.)
|
| 020 |
|
|
|a 9780123813305
|q (electronic bk.)
|
| 020 |
|
|
|a 0123813301
|q (electronic bk.)
|
| 035 |
|
|
|a (OCoLC)680624615
|z (OCoLC)664328864
|z (OCoLC)872684503
|
| 050 |
|
4 |
|a RC78.7.U4
|b T73 2010eb
|
| 072 |
|
7 |
|a MED
|x 003070
|2 bisacsh
|
| 072 |
|
7 |
|a MED
|x 098000
|2 bisacsh
|
| 082 |
0 |
4 |
|a 616.07/543
|2 23
|
| 049 |
|
|
|a TEFA
|
| 245 |
0 |
0 |
|a Transcranial sonography in movement disorders /
|c edited by Daniela Berg and Uwe Walter.
|
| 260 |
|
|
|a Amsterdam :
|b Elsevier,
|c 2010.
|
| 300 |
|
|
|a 1 online resource (xiii, 331 pages) :
|b illustrations (some color).
|
| 336 |
|
|
|a text
|b txt
|2 rdacontent
|
| 337 |
|
|
|a computer
|b c
|2 rdamedia
|
| 338 |
|
|
|a online resource
|b cr
|2 rdacarrier
|
| 490 |
1 |
|
|a International review of neurobiology ;
|v v. 90
|
| 504 |
|
|
|a Includes bibliographical references and index.
|
| 505 |
0 |
|
|a pt. 1. Introduction -- pt. 2. Transcranial sonography in Parkinson's disease -- pt. 3. Transcranial sonography in other movement disorders and depression -- pt. 4. Future applications and conclusion.
|
| 588 |
0 |
|
|a Print version record.
|
| 650 |
|
0 |
|a Ultrasonic imaging.
|
| 650 |
|
0 |
|a Parkinson's disease
|x Diagnosis.
|
| 650 |
|
0 |
|a Movement disorders.
|
| 650 |
|
7 |
|a MEDICAL
|x Allied Health Services
|x Radiological & Ultrasound Technology.
|2 bisacsh
|
| 650 |
|
7 |
|a MEDICAL
|x Ultrasonography.
|2 bisacsh
|
| 655 |
|
4 |
|a Electronic books.
|
| 700 |
1 |
|
|a Berg, Daniela.
|
| 830 |
|
0 |
|a International review of neurobiology ;
|v v. 90.
|
| 856 |
4 |
0 |
|u https://www.sciencedirect.com/science/bookseries/00747742/90
|z Full Text via HEAL-Link
|